| 000 | 00689nam a22002297a 4500 | ||
|---|---|---|---|
| 005 | 20170124110125.0 | ||
| 010 | _a642364 | ||
| 020 |
_c00.00 _a0297004476 |
||
| 035 | _a642364 | ||
| 037 | _bCen Lib/Ret | ||
| 040 |
_aDPL _bEN |
||
| 082 |
_a956.94 _bELO |
||
| 100 |
_aElon, Amos _931333 |
||
| 245 |
_aThe Israelis : _cby Amos Elon _bfounders and sons / |
||
| 260 |
_bWeidenfeld and Nicolson _c1971 _aLondon |
||
| 270 | _a5 Winsley Street | ||
| 300 |
_a359p. _c21cm(Hb) |
||
| 500 | _aIncludes bibliographical references and index | ||
| 650 |
_aJewish-Arab relations _931334 |
||
| 650 |
_aNational characteristics, Israeli _931335 |
||
| 942 |
_2ddc _cEN _h956.94 _mELO |
||
| 999 |
_c131271 _d131271 |
||